El Priorat : anàlisi d'una crisi productiva / Joaquim Margalef i Llebaria, Joan Tasias i Valls anàlisi d'una crisi productiva / Joaquim Margalef i Llebaria, Joan Tasias i Valls
Descripción Física:
XIV, 375 p. : amb map. ; 24 cm
Colección:
Catalunya comarcal
Otros Autores:
Tasias i Valls, Joan
Materias:
Priorat -- Condicions econòmiques
MARC
| LEADER | 00000nam a2200000Ia 4500 | ||
|---|---|---|---|
| 001 | 1952 | ||
| 008 | 160829s1985 xx 000 0 cat d | ||
| 080 | |a M-2-10 | ||
| 100 | |a Margalef i Llebaria, Joaquim |9 28776 | ||
| 245 | |a El Priorat : |b anàlisi d'una crisi productiva / Joaquim Margalef i Llebaria, Joan Tasias i Valls | ||
| 260 | |a Barcelona : |b Caixa d'Estalvis de Catalunya, |c 1985 | ||
| 300 | |a XIV, 375 p. : |b amb map. ; |c 24 cm | ||
| 490 | |a Catalunya comarcal | ||
| 650 | |a Priorat |x Condicions econòmiques |9 39628 | ||
| 700 | |a Tasias i Valls, Joan |9 39629 | ||
| 901 | |a Arxiu | ||
| 942 | |n 1 | ||
| 952 | |0 0 |1 0 |4 0 |6 M210 |7 1 |9 49126 |a Arxiu |b Arxiu |d 2016-12-01 |l 0 |o M-2-10 |p 1952 |r 2016-12-01 00:00:00 |w 2016-12-01 |y ARXIU | ||
| 999 | |c 52964 |d 52964 | ||